Filistin seyahatnamesi (seyahatname-i arz-ı Filistin): malumat-ı tarihiyye ve coğrafya (Record no. 19483)

000 -LEADER
fixed length control field 01181nmm a2200325 a 4500
001 - CONTROL NUMBER
control field ocm0002015907
003 - CONTROL NUMBER IDENTIFIER
control field TR-IsHL
005 - DATE AND TIME OF LATEST TRANSACTION
control field 20201028181200.0
008 - FIXED-LENGTH DATA ELEMENTS--GENERAL INFORMATION
fixed length control field 181230s2017 tu tur
007 - PHYSICAL DESCRIPTION FIXED FIELD--GENERAL INFORMATION
fixed length control field cr cn
020 ## - INTERNATIONAL STANDARD BOOK NUMBER
International Standard Book Number 9786059521222
035 ## - SYSTEM CONTROL NUMBER
System control number 2015907
-- (N$T)
050 04 - LIBRARY OF CONGRESS CALL NUMBER
Classification number G463
Item number .M44 2017
090 04 - LOCALLY ASSIGNED LC-TYPE CALL NUMBER (OCLC); LOCAL CALL NUMBER (RLIN)
Classification number (OCLC) (R) ; Classification number, CALL (RLIN) (NR) G463
Local cutter number (OCLC) ; Book number/undivided call number, CALL (RLIN) .M44 2017
100 1# - MAIN ENTRY--PERSONAL NAME
Personal name Mehmed Refet
245 10 - TITLE STATEMENT
Title Filistin seyahatnamesi (seyahatname-i arz-ı Filistin): malumat-ı tarihiyye ve coğrafya
Medium [electronic resource] /
Statement of responsibility, etc. Mehmed Refet ; hazırlayanlar Abdülkadir Altın, Nazmi Eroğlu
260 ## - PUBLICATION, DISTRIBUTION, ETC.
Place of publication, distribution, etc. İstanbul :
Name of publisher, distributor, etc. Bilge Kültür Sanat,
Date of publication, distribution, etc. 2017
300 ## - PHYSICAL DESCRIPTION
Extent 220 p.
650 #4 - SUBJECT ADDED ENTRY--TOPICAL TERM
Topical term or geographic name entry element Spor, Seyahat ve Turizm
650 #4 - SUBJECT ADDED ENTRY--TOPICAL TERM
Topical term or geographic name entry element Sports, Travel & Tourism
650 #0 - SUBJECT ADDED ENTRY--TOPICAL TERM
Topical term or geographic name entry element Voyages and travels
650 #0 - SUBJECT ADDED ENTRY--TOPICAL TERM
Topical term or geographic name entry element Yolculuklar ve geziler
650 #0 - SUBJECT ADDED ENTRY--TOPICAL TERM
Topical term or geographic name entry element Filistin
General subdivision Tanıtım ve seyahat
650 #0 - SUBJECT ADDED ENTRY--TOPICAL TERM
Topical term or geographic name entry element Palestine
General subdivision Descrption and travel
650 #0 - SUBJECT ADDED ENTRY--TOPICAL TERM
Topical term or geographic name entry element Prens Viktor Napoli Emanuel
650 #7 - SUBJECT ADDED ENTRY--TOPICAL TERM
Topical term or geographic name entry element HISTORY / Middle East / Israel & Palestine
Source of heading or term bisacsh
700 1# - ADDED ENTRY--PERSONAL NAME
Personal name Altın, Abdülkadir
700 1# - ADDED ENTRY--PERSONAL NAME
Personal name Eroğlu, Nazmi
856 40 - ELECTRONIC LOCATION AND ACCESS
Uniform Resource Identifier <a href="http://search.ebscohost.com/login.aspx?direct=true&scope=site&db=e011xww&AN=2015907">http://search.ebscohost.com/login.aspx?direct=true&scope=site&db=e011xww&AN=2015907</a>
Holdings
Withdrawn status Lost status Source of classification or shelving scheme Damaged status Not for loan Collection code Permanent Location Current Location Date acquired Total Checkouts Full call number Barcode Date last seen Price effective from Koha item type
        Online   Kıbrıs Amerikan Üniversitesi Kütüphanesi / American University of Cyprus Kıbrıs Amerikan Üniversitesi Kütüphanesi / American University of Cyprus 28.10.2020   G463 .M44 2017 2015907 28.10.2020 28.10.2020 E-Kitap
Devinim Yazılım Eğitim Danışmanlık tarafından Koha'nın orjinal sürümü uyarlanarak geliştirilip kurulmuştur.